Normal view
MARC view
- TELECOMMUNICATIONS NETWORK MANAGEMENT
Entry Topical Term
001 - CONTROL NUMBER
- control field: 57334
003 - CONTROL NUMBER IDENTIFIER
- control field: NUST
005 - DATE AND TIME OF LATEST TRANSACTION
- control field: 20210628201911.0
008 - FIXED-LENGTH DATA ELEMENTS
- fixed length control field: 210628|| aca||aabn | a|a d
040 ## - CATALOGING SOURCE
- Original cataloging agency: NUST
- Transcribing agency: NUST
150 ## - HEADING--TOPICAL TERM
- Topical term or geographic name entry element: TELECOMMUNICATIONS NETWORK MANAGEMENT
670 ## - SOURCE DATA FOUND
- Source citation: Work cat.: (NUST): Raman, Lakshmi G 57333, Fundamentals of telecommunications network management, 1999
